| Tag |
First Indicator |
Second Indicator |
Subfields |
| LEADER |
00000cgm a2200000Mi 4500 |
| 001 |
in00005591237 |
| 006 |
m o c |
| 007 |
cr |n||||||||a |
| 007 |
vz |za|z| |
| 008 |
190920s2005 txu011 e o vneng d |
| 005 |
20241201233414.1 |
| 035 |
|
|
|a (OCoLC)on1149997441
|
| 040 |
|
|
|a ALSTP
|b eng
|e rda
|c ALSTP
|d OCLCO
|d OCLCF
|d OCLCO
|d OCLCL
|d OCLCQ
|d NUI
|
| 019 |
|
|
|a 1373433742
|a 1430832317
|a 1443963599
|
| 035 |
|
|
|a (OCoLC)1149997441
|z (OCoLC)1373433742
|z (OCoLC)1430832317
|z (OCoLC)1443963599
|
| 049 |
|
|
|a TXAM
|
| 245 |
0 |
0 |
|a Transforming America.
|n Lesson 5,
|p Labor's struggle.
|n Part 3 /
|c producer/director, Julia Dyer.
|
| 246 |
3 |
3 |
|a Transforming America :
|b U. S. history since 1877
|
| 246 |
3 |
3 |
|a First red scare
|
| 264 |
|
1 |
|a Dallas, TX :
|b Dallas County Community College District,
|c 2005.
|
| 300 |
|
|
|a 1 online resource (11 minutes)
|
| 306 |
|
|
|a 001006
|
| 336 |
|
|
|a two-dimensional moving image
|b tdi
|2 rdacontent
|
| 337 |
|
|
|a computer
|b c
|2 rdamedia
|
| 337 |
|
|
|a video
|b v
|2 rdamedia
|
| 338 |
|
|
|a online resource
|b cr
|2 rdacarrier
|
| 347 |
|
|
|a video file
|2 rda
|
| 490 |
0 |
|
|a Academic Video Online
|
| 500 |
|
|
|a Title from resource description page (viewed September 20, 2019).
|
| 500 |
|
|
|a "U. S. history since 1877".
|
| 511 |
0 |
|
|a Narrator, Renee Michael.
|
| 520 |
|
|
|a This video discusses government and corporate opposition to organized labor, fear of socialism, and the fight for better working conditions.
|
| 546 |
|
|
|a In English.
|
| 650 |
|
0 |
|a Socialism.
|
| 650 |
|
0 |
|a Labor disputes
|z United States
|x History
|y 20th century.
|
| 650 |
|
0 |
|a Labor movement
|z United States
|y 20th century.
|
| 650 |
|
0 |
|a Working class
|z United States
|x History
|y 20th century.
|
| 651 |
|
0 |
|a United States
|x History
|y 1865-1921.
|
| 650 |
|
6 |
|a Travail
|x Conflits
|z États-Unis
|x Histoire
|y 20e siècle.
|
| 650 |
|
6 |
|a Mouvement ouvrier
|z États-Unis
|y 20e siècle.
|
| 650 |
|
6 |
|a Travailleurs
|z États-Unis
|x Histoire
|y 20e siècle.
|
| 651 |
|
6 |
|a États-Unis
|x Histoire
|y 1865-1921.
|
| 650 |
|
7 |
|a Labor disputes.
|2 fast
|0 (OCoLC)fst00989929
|
| 650 |
|
7 |
|a Labor movement.
|2 fast
|0 (OCoLC)fst00990079
|
| 650 |
|
7 |
|a Socialism.
|2 fast
|0 (OCoLC)fst01123637
|
| 650 |
|
7 |
|a Working class.
|2 fast
|0 (OCoLC)fst01180418
|
| 651 |
|
7 |
|a United States.
|2 fast
|0 (OCoLC)fst01204155
|1 https://id.oclc.org/worldcat/entity/E39PBJtxgQXMWqmjMjjwXRHgrq
|
| 648 |
|
7 |
|a 1865-1999
|2 fast
|
| 655 |
|
7 |
|a Educational films.
|2 fast
|0 (OCoLC)fst01726235
|
| 655 |
|
7 |
|a Film clips.
|2 fast
|0 (OCoLC)fst01726246
|
| 655 |
|
7 |
|a History.
|2 fast
|0 (OCoLC)fst01411628
|
| 655 |
|
7 |
|a Educational films.
|2 lcgft
|
| 655 |
|
7 |
|a Film clips.
|2 lcgft
|
| 655 |
|
7 |
|a Films éducatifs.
|2 rvmgf
|
| 700 |
1 |
|
|a Dyer, Julia,
|e director,
|e producer.
|
| 700 |
1 |
|
|a Michael, Renee,
|e narrator.
|
| 710 |
2 |
|
|a Dallas TeleLearning (Firm),
|e production company.
|
| 856 |
4 |
0 |
|u http://proxy.library.tamu.edu/login?url=https://www.aspresolver.com/aspresolver.asp?MARC;3226445
|z Connect to this streaming video (Alexander Street Press)
|t 0
|
| 955 |
|
|
|a Alexander Street Press subscription streaming video
|
| 994 |
|
|
|a 92
|b TXA
|
| 999 |
f |
f |
|s 0e136d4f-7c95-473b-9a37-e32c69295090
|i 7022b8d2-7211-431f-b5a6-fc0e6d137ada
|t 0
|
| 952 |
f |
f |
|a Texas A&M University
|b College Station
|c Electronic Resources
|d Available Online
|t 0
|h Library of Congress classification
|
| 998 |
f |
f |
|t 0
|l Available Online
|